000 00677nam a22002417a 4500
003 UA-OsUOA
001 22922
007 ta
008 20031229b un ||||| |||| 00| 0 ukr d
090 _a342.7(075.8)
_bП68
942 _cBK
040 _aUA-OsUOA
_brus
_cUA-OsUOA
_dUA-OsUOA
245 _aМеждународные акты о првах человека
_bСборник документов
_cСост. В.А.Карташкин Е.А.Лукашева
300 _a784 с.
955 _a0
041 _arus
080 _a342.7(075.8)
020 _a5-98123-155-7
260 _aМосква
_bНОРМА
_c2000
044 _aRU
650 7 _2UDC
999 _c309154
_d309154